| 000 | 00645nam a22002297a 4500 | ||
|---|---|---|---|
| 001 | BD-DhSAU 6754 | ||
| 003 | BD-DhSAU | ||
| 005 | 20150513131610.0 | ||
| 008 | 150513b1996 ii a||||r|||| 001 0 eng d | ||
| 020 | _a8174883479 | ||
| 040 | _aBD-DhSAU | ||
| 082 |
_222 _a595.704 _bPRI |
||
| 245 |
_aPrinciples of insect morphology / _cedited by: A. B. Saxena |
||
| 260 |
_aNew Delhi : _bAnmol Publications Pvt Ltd., _cc1996. |
||
| 300 |
_a322 p. : _bill. ; _c22 cm. |
||
| 440 |
_aRecent advances in entomology. _nSeries-2. |
||
| 504 | _aIncludes index. | ||
| 590 | _ajoy | ||
| 650 | _aEntomology. | ||
| 650 | _aMorphology. | ||
| 700 | _aSaxena, A. B. | ||
| 942 |
_2ddc _cBOOK |
||
| 999 |
_c6754 _d6754 |
||